000 00764nam a22002177a 4500
999 _c2965
_d2965
003 AR-CdUCM
008 190305b ||||| |||| 00| 0 spa d
040 _aMUNICIPALIDAD PROVINCIAL DEL CUSCO
_cBIBLIOTECA MUNICIPAL DEL CUSCO
082 _a918.5 /
_bM64
100 _aMiró Quesada Sosa, Aurelio
_9616
245 _aCosta, sierra y montaña /
260 _aLima :
_bCía. de Impresiones y Publicidad,
_c1940.
300 _a206 páginas ;
_bláminas, mapas, fotografías,
_c21 cm.
500 _a"Segunda Serie" donación de la familia Nieto
505 _aContenido: Ancash -- Junín -- Huanuco -- Moquegua -- Tacna ...
650 _aPerú
_92178
650 _aDescripción de Viajes
_910148
650 _aSiglo XX
_98
942 _2ddc
_cLIBROS
945 _araen